A roof over their heads (Record no. 69332)

MARC details
000 -LEADER
fixed length control field 01377cam a2200265 4500
001 - CONTROL NUMBER
control field ABS65041
008 - FIXED-LENGTH DATA ELEMENTS--GENERAL INFORMATION
fixed length control field 020123n2001 000 0 eng u
035 ## - SYSTEM CONTROL NUMBER
System control number (Sirsi) u116404
100 ## - MAIN ENTRY--PERSONAL NAME
Personal name Maude, R
245 #2 - TITLE STATEMENT
Title A roof over their heads
260 ## - PUBLICATION, DISTRIBUTION, ETC.
Date of publication, distribution, etc. 2001
490 ## - SERIES STATEMENT
Series statement Estates Gazette
Volume/sequential designation (0150) 15 December 2001, 82-83(2)
520 ## - SUMMARY, ETC.
Summary, etc. Examines the issues facing hoteliers looking to use their premises for the housing of homeless people or asylum seekers. Outlines the various uses of hostels, hotels, houses in multiple occupation and residential uses as defined by the Town and Country Planning Use Classes Order 1987 and highlights temporary sleeping accommodation under the Greater London Council (General Powers) Act 1973. Discusses recent case law in which local authorities have served enforcement notices to prevent hotel owners from using their premises to house homeless people, and identifies the key principles arising from these cases to help hoteliers avoid legal problems. Also considers how change of use may affect hotel valuation.
590 ## - LOCAL NOTE (RLIN)
Local note ABS
650 ## - SUBJECT ADDED ENTRY--TOPICAL TERM
Topical term or geographic name entry element HOMELESS
650 ## - SUBJECT ADDED ENTRY--TOPICAL TERM
Topical term or geographic name entry element ASYLUM SEEKERS
650 ## - SUBJECT ADDED ENTRY--TOPICAL TERM
Topical term or geographic name entry element HOTEL MARKET
650 ## - SUBJECT ADDED ENTRY--TOPICAL TERM
Topical term or geographic name entry element SOCIAL HOUSING
650 ## - SUBJECT ADDED ENTRY--TOPICAL TERM
Topical term or geographic name entry element CHANGE OF USE
650 ## - SUBJECT ADDED ENTRY--TOPICAL TERM
Topical term or geographic name entry element Valuation
9 (RLIN) 6273
650 ## - SUBJECT ADDED ENTRY--TOPICAL TERM
Topical term or geographic name entry element HOTELS
650 ## - SUBJECT ADDED ENTRY--TOPICAL TERM
Topical term or geographic name entry element TOWN AND COUNTRY PLANNING USE CLASSES ORDER 1987
700 ## - ADDED ENTRY--PERSONAL NAME
Personal name Morgan, E
942 ## - ADDED ENTRY ELEMENTS (KOHA)
Suppress in OPAC 0
Holdings
Withdrawn status Lost status Source of classification or shelving scheme Damaged status Not for loan Home library Current library Shelving location Date acquired Total Checkouts Full call number Barcode Date last seen Copy number Price effective from Koha item type
    Dewey Decimal Classification     London London Journal article 23/01/2002   ABS041 116404-1001 06/08/2019 1 06/08/2019 Journal article